Drifting Over a Memory Chest/ (Record no. 178043)
[ view plain ]
| 000 -LEADER | |
|---|---|
| fixed length control field | 00651nam a22001817a 4500 |
| 005 - DATE AND TIME OF LATEST TRANSACTION | |
| control field | 20210312162446.0 |
| 010 ## - LCCN (DPL NO) | |
| LC control number | ENG-129301 |
| 020 ## - INTERNATIONAL STANDARD BOOK NUMBER | |
| International Standard Book Number | 9789390429288 |
| Terms of availability | 300.00 |
| 035 ## - SYSTEM CONTROL NUMBER | |
| System control number | EN-112833 |
| 037 ## - SOURCE OF ACQUISITION | |
| Source of stock number/acquisition | DBAD/PUB |
| 082 ## - DEWEY DECIMAL CLASSIFICATION NUMBER | |
| Classification number | N |
| 100 ## - MAIN ENTRY--PERSONAL NAME | |
| Personal name | Santosh Gangadharan |
| 245 ## - TITLE STATEMENT | |
| Title | Drifting Over a Memory Chest/ |
| Statement of responsibility, etc | Santosh Gangadharan |
| 260 ## - PUBLICATION, DISTRIBUTION, ETC. (IMPRINT) | |
| Place of publication, distribution, etc | Thrissur, Kerala |
| Name of publisher, distributor, etc | Gmotivation |
| Date of publication, distribution, etc | 2020 |
| 270 ## - ADDRESS | |
| City | Thrissur, Kerala |
| Postal code | 680003 |
| Address | an imprint of green books pvt. ltd. gb building, civil lane road, ayyanthole, |
| Electronic mail address | info@greenbooksindia.com |
| Telephone number | 487-2381066, 2381039 |
| 300 ## - PHYSICAL DESCRIPTION | |
| Extent | 184p. |
| Dimensions | 21cm(bbk) |
| Other physical details | including biblographical refferences |
| 942 ## - ADDED ENTRY ELEMENTS (KOHA) | |
| Source of classification or shelving scheme | Dewey Decimal Classification |
| Item type | English Books |
| Classification part | N |
| Call number suffix | SAN |
| Withdrawn status | Lost status | Not for loan | Collection code | Home library | Current library | Date acquired | Source of acquisition | Cost, normal purchase price | Full call number | Barcode | Copy number | Cost, replacement price | Koha item type |
|---|---|---|---|---|---|---|---|---|---|---|---|---|---|
| Non-fiction | Ashok Vihar | Ashok Vihar | 12/03/2021 | DBAD/PUB | 225.00 | N SAN | EN-112833 | 1 | 225.00 | English Books |
